000 00648nam a2200181Ia 4500
008 100917s9999 xx 000 0 und d
082 _b60337
100 _aदेशपांडे ना. व्यं. - अनु.
245 _aमहायोगीनी माणिकेश्वरी
260 _bवोरा ऍण्ड कंपनी
_c1979
300 _a54
365 _b3.5
520 _aबालविभाग
630 _aमहायोगीनी माणिकेश्वरी
650 _aबालविभाग
730 _aमहायोगीनी माणिकेश्वरी
942 _cBOOK
999 _c665731
_d665728